000 00629nam a2200241Ia 4500
003 OSt
005 20221005051123.0
006 a|||||r|||| 00| 0
007 ta
008 221004b |||||||| |||| 00| 0 eng d
024 _a27118
037 _cTextual
040 _aCRL
_cCRL
_beng
041 _2eng
_aeng
082 _aV41:5:N3, G7
100 _aHughes E R
_966016
245 0 _aInvasion of China by the Western World
260 _aLondon
_bAdam and Charles
_c1937
300 _a324p.
_ccm.
650 _aCHINA - HISTORY
942 _hV41:5:N3, G7
_cTEXL
_2cc
999 _c958293
_d958293